| 000 | 00417nam a22001577a 4500 | ||
|---|---|---|---|
| 003 | SGT | ||
| 020 | _a9789352703104 | ||
| 082 |
_a612.015 _bM18B |
||
| 100 | _a Banerjee, Bratati | ||
| 245 | _aMahajan's Methods in Biostatistics for Medical Students and Research Workers | ||
| 250 | _a9TH | ||
| 260 |
_aNEW DELHI _bJAYPEE PUBLISHER _c2018 |
||
| 300 | _a395 | ||
| 650 | _aPUBLIC HEALTH DENTISTRY | ||
| 942 |
_2ddc _cBK _03 |
||
| 999 |
_c15538 _d15538 |
||